From midshipman to field marshal, (Record no. 552225)
[ view plain ]
| 000 -LEADER | |
|---|---|
| fixed length control field | 00587cam a22001691 4500 |
| 082 ## - DEWEY DECIMAL CLASSIFICATION NUMBER | |
| Classification number | 355.009241 |
| Author Mark | WOOD,EVELYN |
| 100 1# - MAIN ENTRY--PERSONAL NAME | |
| Personal name | WOO. |
| 9 (RLIN) | 49451 |
| 245 10 - TITLE STATEMENT | |
| Title | From midshipman to field marshal, |
| Statement of responsibility, etc. | by Evelyn Wood ... With twenty-four illustrations and maps ... |
| 250 ## - EDITION STATEMENT | |
| Edition statement | 4th ed. |
| 260 ## - PUBLICATION, DISTRIBUTION, ETC. | |
| Place of publication, distribution, etc. | London : |
| Name of publisher, distributor, etc. | Methuen, |
| Date of publication, distribution, etc. | [1906] |
| 300 ## - PHYSICAL DESCRIPTION | |
| Extent | 322 P,: |
| Other physical details | ill,; |
| Dimensions | 22cm, |
| 500 ## - GENERAL NOTE | |
| General note | "First published October 1906, second, third and fourth editions, October, 1906." |
| 526 ## - STUDY PROGRAM INFORMATION NOTE | |
| Program name | 0 |
| Interest level | 0 |
| Reading level | 0 |
| Title point value | 355_009241000000000_WOODEVELYN |
| 650 #0 - SUBJECT ADDED ENTRY--TOPICAL TERM | |
| Topical term or geographic name entry element | Marshals |
| Geographic subdivision | Great Britain |
| 650 #0 - SUBJECT ADDED ENTRY--TOPICAL TERM | |
| Topical term or geographic name entry element | MCE |
| 9 (RLIN) | 379 |
| 942 ## - ADDED ENTRY ELEMENTS (KOHA) | |
| Source of classification or shelving scheme | |
| Koha item type | Book |
| Withdrawn status | Lost status | Source of classification or shelving scheme | Damaged status | Not for loan | Permanent Location | Current Location | Shelving location | Date acquired | Total Checkouts | Full call number | Barcode | Date last seen | Price effective from | Koha item type |
|---|---|---|---|---|---|---|---|---|---|---|---|---|---|---|
| Military College of Engineering (MCE) | Military College of Engineering (MCE) | 01/12/2015 | 355.009241 WOOD,EVELYN | MCE-ECF/ 64 | 01/12/2015 | 01/12/2015 | Book |
